Sanat - "Kuolevainen" - Johanna Kurkela - Statistics

Yleistilastot
  • Tätä visaa on pelattu 81 kertaa
  • Keskiarvotulos 156 / 202
Vastaustilastot
Vastaus % Oikein
kuolevainen
98%
98%
niin
93%
ihminen
90%
kuin
90%
jokainen
88%
Kun
88%
kun
88%
en
86%
kääntyy
86%
oo
86%
oon
86%
veitset
86%
hajoan
83%
Ne
83%
ne
83%
sydämessä
83%
keijukainen
81%
sanoo
81%
tää
81%
vapisen
81%
mua
79%
mut
79%
päättyy
79%
sattuu
79%
totta
79%
vaikka
79%
jos
76%
loppuu
76%
on
76%
rakkaus
76%
tänä
76%
voi
76%
yönä
76%
ei
74%
enkä
74%
ihmeisiin
74%
lihaa
74%
outo
74%
uskon
74%
verta
74%
ja
71%
joku
71%
puhuvat
71%
taikoja
71%
tehdä
71%
asukas
69%
uusi
69%
tulokas
67%
että
64%
kykyjä
64%
mul
64%
murheet
64%
noidan
64%
ollenkaan
64%
vähän
64%
menninkäinen
62%
täytyy
60%
tuntemattomia
60%
varoa
60%
halaamaan
57%
helppo
57%
kyyneleeni
57%
maiset
57%
näkee
57%
sanoa
57%
tule
57%
velhonäkijä
57%
lapsille
55%
palaen
55%
salainen
55%
silmät
55%
tieto
55%
ympäröi
55%
kyllä
52%
puhuu
52%
siitä
52%
vain
52%
paina
50%
Haavoitun
48%
kipu
48%
pitelet
48%
voimistuu
48%
noin
45%
pois
43%
haluat
40%
nyt
40%
oisin
38%
ovi
38%
sulkeutuu
38%
sun
38%
Ehtoja vastaavia visoja ei löytynyt
Tulosjakauma
Jokaisen tuloksen saaneiden osuus
Persentiili vastausten määrän mukaan
Tuloshistoriasi
Et ole pelannut tätä visaa